| 000 | 01150cam a22003253a 4500 | ||
|---|---|---|---|
| 001 | 3126 | ||
| 003 | PGUSA | ||
| 005 | 20140828083026.0 | ||
| 008 | 041010s2004||||xxu|||||s|||||000 | eng d | ||
| 040 |
_aPGUSA _beng |
||
| 042 | _adc | ||
| 050 | 4 | _aF206 | |
| 100 | 1 |
_aWarner, Charles Dudley, _d1829-1900 |
|
| 245 | 1 | 0 |
_aOn Horseback _h[electronic resource] / _cCharles Dudley Warner |
| 260 |
_bProject Gutenberg, _c2004 |
||
| 506 | _aPublic domain in the USA. | ||
| 516 | _aElectronic text | ||
| 653 | _aVirginia -- Description and travel | ||
| 653 | _aAppalachian Region -- Description and travel | ||
| 653 | _aWarner, Charles Dudley, 1829-1900 -- Travel -- Mexico | ||
| 653 | _aMexico -- Description and travel | ||
| 653 | _aTennessee -- Description and travel | ||
| 653 | _aWarner, Charles Dudley, 1829-1900 -- Travel -- Southern States | ||
| 653 | _aCalifornia -- Description and travel | ||
| 653 | _aWarner, Charles Dudley, 1829-1900 -- Travel -- Appalachian Region | ||
| 653 | _aNorth Carolina -- Description and travel | ||
| 830 | 0 |
_aProject Gutenberg _v3126 |
|
| 856 | 4 | 0 | _uhttp://www.gutenberg.org/ebooks/3126 |
| 942 | _cEB | ||
| 999 |
_c232455 _d232455 |
||